Rāmacaritamānasa kā kāvyaśāstrīya anuśīlana. (Record no. 55161)

MARC details
000 -LEADER
fixed length control field 00782cam a22002411 4500
001 - CONTROL NUMBER
control field sa 63003558
003 - CONTROL NUMBER IDENTIFIER
control field DLC
005 - DATE AND TIME OF LATEST TRANSACTION
control field 20260227111942.0
008 - FIXED-LENGTH DATA ELEMENTS--GENERAL INFORMATION
fixed length control field 881102s1963 ii 000 0 hino
010 ## - LIBRARY OF CONGRESS CONTROL NUMBER
LC control number sa 63003558
035 ## - SYSTEM CONTROL NUMBER
System control number (OCoLC)23550257
040 ## - CATALOGING SOURCE
Original cataloging agency DLC
Transcribing agency MiU
Modifying agency NRU
-- DLC
042 ## - AUTHENTICATION CODE
Authentication code premarc
050 00 - LIBRARY OF CONGRESS CALL NUMBER
Classification number PK2095.T8
Item number R336
100 1# - MAIN ENTRY--PERSONAL NAME
Personal name Pāṇḍeya, Rājakumāra.
245 10 - TITLE STATEMENT
Title Rāmacaritamānasa kā kāvyaśāstrīya anuśīlana.
260 ## - PUBLICATION, DISTRIBUTION, ETC.
Place of publication, distribution, etc. Kānapura,
Name of publisher, distributor, etc. Anusandhāna Prakāśana
Date of publication, distribution, etc. [1963]
300 ## - PHYSICAL DESCRIPTION
Extent 498, vi p.
Dimensions 25 cm.
500 ## - GENERAL NOTE
General note In Hindi.
500 ## - GENERAL NOTE
General note "Āgarā Viśvavidyālaya kī Pī.-Eca. Ḍī kī upādhi ke lie svīk r̥ta śodha-prabandha."
504 ## - BIBLIOGRAPHY, ETC. NOTE
Bibliography, etc. note Bibliography: p. [1]-vi.
600 00 - SUBJECT ADDED ENTRY--PERSONAL NAME
Personal name Tulasīdāsa,
Dates associated with a name 1532-1623.
Title of a work Rāmacaritamānasa.

No items available.

Powered by Koha